Where Is That 'C' City? (USA) Quiz Stats

 Plays Quiz Updated Apr 16, 2018

Challenge
Share
Tweet
Embed
Score 0/10 Timer 01:30
20 Plays Today
Question Answer Wrong Answers
Cleveland Ohio
96.5%
Iowa
0.8%
Arizona
0.7%
Pennsylvania
1%
Colorado Springs Colorado
93.2%
Utah
2.5%
Wyoming
1.3%
California
1.8%
Cincinnati Ohio
93%
Virginia
1.3%
Pennsylvania
3.3%
Oregon
1.4%
Carson City Nevada
91.8%
Washington
1.6%
Colorado
2.8%
Texas
2.7%
Cheyenne Wyoming
89.8%
Montana
5.1%
Oregon
1.8%
Texas
2.1%
Corpus Christi Texas
85.6%
Connecticut
4.2%
New Mexico
6.4%
California
2.7%
Chattanooga Tennessee
84.1%
Mississippi
7.2%
Missouri
3.6%
Kentucky
4%
Concord New Hampshire
83.2%
Kansas
2.4%
Rhode Island
9.3%
Oregon
3.8%
Chula Vista California
77%
Florida
11.9%
Hawaii
9.1%
New York
0.8%
Chandler Arizona
59.5%
New Mexico
11.9%
Louisiana
9%
Mississippi
18.3%

You're not logged in!

Compare scores with friends on all Sporcle quizzes.
OR
Log In

You Might Also Like...

Show Comments

Extras

Top Quizzes Today


Score Distribution

Your Account Isn't Verified!

In order to create a playlist on Sporcle, you need to verify the email address you used during registration. Go to your Sporcle Settings to finish the process.

Report this User

Report this user for behavior that violates our Community Guidelines.

Details: